Państwa Świata - Z końcówką -ria - Statystyki

Ogólne statystyki
  • Ten quiz został rozwiązany 201 razy
  • Średni wynik to 5 z 7
Statystyki odpowiedzi
Kontynent LITERY Państwo % Poprawnych
Europa 8 Bułgaria
80%
Afryka 7 Nigeria
70%
Europa 10 Szwajcaria
69%
Europa 7 Austria
67%
Afryka 8 Algieria
64%
Azja 5 Syria
61%
Afryka 7 Liberia
50%
Nie znaleziono quizów pasujących do podanych kryteriów
Rozkład punktacji
Procent ludzi z każdym wynikiem
Percentyl według liczby udzielonych odpowiedzi
Twoja historia wyników
Nie rozwiązałeś tego quizu